| 000 | 00838nam a2200193 a 4500 | ||
|---|---|---|---|
| 003 | 0 | ||
| 005 | 20250508103641.0 | ||
| 008 | 970101s19uu xx 00 eng d | ||
| 050 |
_aPHS QA 11.2 _b.L35 2004 |
||
| 100 | _aLaluz, Lambert Anthony A. | ||
| 245 |
_aA Comparative study between selected 4th Year High School students of Southville International School and St. Benedict College on Manifestations and coping mechanisms of students with Math anxiety / _cLambert Anthony A. Laluz. |
||
| 260 |
_aLas PiƱas City, Philippines : _bSouthville International School and Colleges, _c2004. |
||
| 300 |
_a35 pages ; _c28 cm. |
||
| 504 | _aIncludes bibliographical references. | ||
| 650 |
_aMathematics _xStudy and teaching _vPsychological aspects. |
||
| 650 | _aMathematics anxiety. | ||
| 650 | _aCoping (Psychology). | ||
| 942 |
_2lcc _cPASS |
||
| 999 |
_c97131 _d97131 |
||